[Event "Space Coast op 27th"]
[Site "Melbourne FL"]
[Date "2022.04.22"]
[Round "1"]
[White "Gao, Marvin"]
[Black "Rea, Andrew"]
[Result "1/2-1/2"]
[WhiteElo "1928"]
[BlackElo "1953"]
[PlyCount "69"]
[EventDate "2022.04.22"]
[EventType "swiss"]
[EventRounds "5"]
[EventCountry "USA"]
[SourceTitle "EXT 2023"]
[Source "ChessBase"]
[SourceDate "2022.10.05"]
[SourceVersion "1"]
[SourceVersionDate "2022.10.05"]
[SourceQuality "1"]

1. e4 e5 2. Nf3 Nc6 3. Bb5 a6 4. Ba4 Nf6 5. 0-0 b5 6. Bb3 Be7 7. Re1 0-0 8. c3 d6 9. a4 Bg4 10. h3 Bxf3 11. Qxf3 Na5 12. Bc2 c5 13. d3 b4 14. Nd2 Rb8 15. Nc4 bxc3 16. bxc3 Nxc4 17. dxc4 Qd7 18. g4 Ne8 19. Qf5 Qe6 20. Bd3 Nc7 21. f4 g6 22. Qxe6 fxe6 23. fxe5 dxe5 24. Rf1 Rxf1+ 25. Kxf1 a5 26. Kg2 Kg7 27. Rb1 Rxb1 28. Bxb1 Na8 29. Bc2 Nb6 30. Bb3 g5 31. Be3 Kf6 32. Bg1 Nd7 33. Bh2 Nf8 34. Bc2 Bd6 35. Bd3 1/2-1/2

[Event "Wch U08"]
[Site "Batumi"]
[Date "2016.10.30"]
[Round "11"]
[White "Azjargal, Erdenebat"]
[Black "Gao, Marvin"]
[Result "1-0"]
[WhiteElo "1378"]
[BlackElo "1475"]
[PlyCount "73"]
[EventDate "2016.10.19"]
[EventType "swiss"]
[EventRounds "11"]
[EventCountry "GEO"]
[SourceTitle "CBM 175 Extra"]
[Source "ChessBase"]
[SourceDate "2016.12.12"]
[SourceVersion "1"]
[SourceVersionDate "2016.12.12"]
[SourceQuality "1"]

1. e4 e6 2. d4 d5 3. e5 c5 4. c3 Nc6 5. Nf3 Qb6 6. a3 Nh6 7. b4 cxd4 8. cxd4 Nf5 9. Bb2 Bd7 10. g4 Nfe7 11. Bd3 Rc8 12. Nbd2 h5 13. g5 Nf5 14. Nb3 Nce7 15. Nc5 Bb5 16. 0-0 Ng6 17. Bxf5 exf5 18. Re1 Bxc5 19. dxc5 Qd8 20. e6 0-0 21. Qd4 f6 22. Kh1 Qe7 23. a4 Be8 24. gxf6 Rxf6 25. b5 Rd8 26. Ng5 f4 27. Nf3 Nf8 28. c6 Nxe6 29. Qxa7 Rg6 30. cxb7 Rd7 31. Ne5 Rxb7 32. Nxg6 Bxg6 33. Qa8+ Kh7 34. f3 Rc7 35. Qxd5 Rc2 36. Qxe6 Qc5 37. Rg1 1-0

[Event "Wch U08"]
[Site "Batumi"]
[Date "2016.10.28"]
[Round "9"]
[White "Bhagat, Kush"]
[Black "Gao, Marvin"]
[Result "0-1"]
[WhiteElo "1263"]
[BlackElo "1475"]
[PlyCount "76"]
[EventDate "2016.10.19"]
[EventType "swiss"]
[EventRounds "11"]
[EventCountry "GEO"]
[SourceTitle "CBM 175 Extra"]
[Source "ChessBase"]
[SourceDate "2016.12.12"]
[SourceVersion "1"]
[SourceVersionDate "2016.12.12"]
[SourceQuality "1"]

1. d4 e6 2. Bf4 d5 3. e3 c5 4. Nf3 Nf6 5. c3 Nc6 6. Nbd2 Bd6 7. Bg3 b6 8. Bd3 0-0 9. Ne5 Bb7 10. f4 Ne7 11. 0-0 Nf5 12. Qe2 Qc7 13. Be1 a6 14. g4 Ne7 15. g5 Ne8 16. Rf3 f6 17. Bxh7+ Kxh7 18. Rh3+ Kg8 19. Qh5 fxe5 20. Qh7+ Kf7 21. fxe5 Nf5 22. Rf3 Ke7 23. exd6+ Nexd6 24. Bg3 Bc6 25. Raf1 Rh8 26. Rxf5 Rxh7 27. Rf7+ Nxf7 28. Bxc7 Nxg5 29. Bxb6 cxd4 30. exd4 Rah8 31. Bc5+ Ke8 32. Bd6 Bb5 33. Re1 Kd7 34. Bg3 Bd3 35. Re5 Rh5 36. h4 Ne4 37. Nxe4 Bxe4 38. Rxh5 Rxh5 0-1